000 00610cam a2200205 4500
001 ABS61181
008 000000n1999 000 0 eng u
035 _a(Sirsi) u101772
110 _aDavis Langdon and Everest
_91155
245 _aCost model.
260 _c1999
490 _aBuilding
_v264(8103) 10 September 1999, 76-83(8)
520 _aExamines the cost implications and specifications of indoor arenas. Gives a cost breakdown.
650 _aSPORTS ARENAS
650 _aARENAS
650 _aCOST MODELS
650 _aOPERATING COSTS
690 _aBUILT ENVIRONMENT-BUILDING COSTS
942 _n0
999 _c60886
_d60886